| 000 | 00517nam a2200181 i 4500 | ||
|---|---|---|---|
| 001 | 41410 | ||
| 003 | ES-MaACL | ||
| 005 | 20231221145741.0 | ||
| 007 | t| | ||
| 008 | 030310s1875 sp ||||1| spa d | ||
| 100 | 1 |
_aCastelar, Emilio, _d1832-1899 _936479 |
|
| 245 | 1 | 0 |
_aPerfiles de personajes y bocetos de ideas / _cpor Emilio Castelar. |
| 260 |
_aMadrid : _b[Juan Aguado], _c1875. |
||
| 300 |
_a385 p. ; _c18 cm. |
||
| 852 |
_aES-MaACL _jC-3564 |
||
| 852 |
_aES-MaACL _jF-4172 |
||
| 999 |
_c41410 _d41410 |
||